General principles of Hindu jurisprudence :

Enregistré dans:
Détails bibliographiques
Auteur principal: Sen, Priya Nath
Autres auteurs: Priya Nath Sen
Format: Livre
Publié: [New Delhi] : Allahabad Law Agency, N/A.
Sujets:
Tags: Ajouter un tag
Pas de tags, Soyez le premier à ajouter un tag!

MARC

LEADER 00000cam a2200000 a 4500
005 20251006091321.0
020 |a 9966846048  |c TZS 4,675/= 
020 |a 9966846048  |c TZS 4,675/= 
040 |a MCCL  |b eng  |e AACR 2nd rev. ed 
082 |a 340 SEN 
100 1 |a Sen, Priya Nath 
245 1 3 |a General principles of Hindu jurisprudence :  |c Priya Nath SEN 
246 3 0 |a Hindu Jurisprudence 
260 |a [New Delhi] :  |b Allahabad Law Agency,  |c N/A. 
300 |a xxvii, 423 p. :  |b ill.;  |c 21 cm.  
504 |a Includes index. 
546 |a eng 
650 0 |a Indian Jurisprudence 
650 0 |a Legal theory  |z India  |b Jurisprudence and Legal theory 
650 0 |a Jurisprudence 
700 1 |a Priya Nath Sen 
942 |c BK 
999 |c 11989  |d 11989